=LDR 00000nam 2200000 4500 =001 INLIS000000000057004 =005 20201125105612 =035 ##$$a 0010-1120000075 =007 ta =008 201125################g##########0#ind## =082 ##$$a 306.351 85 =084 ##$$a 306.351 85 PRO =245 ##$$a Prosiding: Gelar budaya spiritual dan kepercayaan komunitas adat /$c Depdikbud =250 ##$$a cet.1 =260 ##$$a Jakarta :$b Depdikbud,$c 2006 =300 ##$$a vi, 288 hlm. ; $c 22 x 14 cm =600 #4$$a Kebudayaan =990 ##$$a 30802297